|
|
|
|
| LEADER |
00000nam a2200000 a 4500 |
| 001 |
UCO7582 |
| 003 |
CL-VaPUC |
| 008 |
001117e19850000us |||||||||||||||||spa|d |
| 082 |
0 |
4 |
|a 327.73084
|b GUM
|2 21
|
| 100 |
|
|
|a Gumucio Granier, Jorge
|e author
|9 502190
|
| 245 |
1 |
0 |
|a Estados Unidos y el mar Boliviano: testimonios para la historia
|
| 300 |
|
|
|a 585 p
|
| 942 |
|
|
|c BK
|
| 945 |
|
|
|d 20001117 00:00:00
|a crobeson
|
| 260 |
|
|
|a Nueva York
|b s.n
|c 1985
|
| 500 |
|
|
|a Donación del profesor Manfred Wilhelmy von Wolff
|
| 650 |
|
0 |
|a Relaciones Internacionales
|9 255740
|
| 650 |
|
0 |
|a Problemas limítrofes
|9 266724
|
| 650 |
|
0 |
|a Guerra del Pacífico
|9 314886
|
| 650 |
|
0 |
|a Relaciones diplomáticas
|9 381723
|
| 651 |
|
0 |
|a Estados Unidos
|9 255178
|
| 651 |
|
0 |
|a Bolivia
|9 255454
|
| 583 |
|
|
|a last modification
|c 20180108 04:46:11
|k Rodrigo Vera
|
| 999 |
|
|
|c 292472
|d 292470
|
| 952 |
|
|
|0 0
|1 0
|4 0
|6 327_730840000000000_GUM_1985
|7 0
|8 A
|9 343387
|a BIBHIS
|b BIBHIS
|d 2019-11-20
|i 1228609
|o 327.73084 GUM 1985
|p 1228609
|r 2025-01-20
|w 2019-11-20
|y BK
|k HIS
|